| 000 | 01185nam a2200409 a 4500 | ||
|---|---|---|---|
| 003 | AR-BaBNM | ||
| 005 | 20251128203610.0 | ||
| 008 | 082120s2002 ||||||||||||||000 | spa|| | ||
| 040 | _cAR-BaBNM | ||
| 100 | 1 | _aVazquez de Prada, Valentín | |
| 245 | 0 | 0 |
_aHistoria económica mundial _bde la Revolución Industrial a la actualidad. 2 |
| 260 |
_aMadrid _bRialp _c1964 |
||
| 300 |
_a523 p. _btablas, gráfs. |
||
| 490 | 0 | _aBiblioteca del pensamiento actual | |
| 500 | _aContiene gráficos desplegables en el final de la obra | ||
| 500 | _aApéndice estadístico p. 487-499 | ||
| 504 | _aBibliografía para consultar p. 501-508 | ||
| 650 | 4 | _aHISTORIA ECONOMICA | |
| 650 | 4 | _aCOMERCIO | |
| 650 | 4 | _aMONETARISMO | |
| 650 | 4 | _aINDUSTRIA | |
| 650 | 4 | _aAGRICULTURA | |
| 650 | 4 | _aGANADERIA | |
| 650 | 4 | _aTRANSPORTE | |
| 650 | 4 | _aCAPITALISMO | |
| 650 | 4 | _aTRABAJO | |
| 650 | 4 | _aCOMUNISMO | |
| 650 | 4 | _aECONOMIA | |
| 650 | 4 | _aPOLITICA DE DESARROLLO | |
| 650 | 4 | _aPAISES DESARROLLADOS | |
| 650 | 4 | _aPAISES EN DESARROLLO | |
| 650 | 4 | _aINDUSTRIALIZACION | |
| 650 | 4 | _aSUBDESARROLLO | |
| 800 | 1 |
_aCalvo Serer, Rafael _edirector |
|
| 942 | _cBK | ||
| 998 | _cmariana | ||
| 999 |
_c4084 _d4084 |
||